| 000 | 00673nam a2200181 i 4500 | ||
|---|---|---|---|
| 001 | 57535 | ||
| 003 | ES-MaACL | ||
| 005 | 20251113144921.0 | ||
| 007 | t| | ||
| 008 | 031016s1936 py ||||1| spa d | ||
| 245 | 0 | 0 |
_aEstudio de la personalidad del maestro Manuel Domínguez _b: a través de artículos / _cde Juan E. O'Leary, J. Natalicio González, Rafael Barret, Leopoldo Ramos Giménez. |
| 260 |
_aAsunción : _bCompañia Editora Nacional, _c1936. |
||
| 300 |
_a[30 p.] : _b1 retr. ; _c25 cm. |
||
| 600 | 1 | 7 |
_aDomínguez, Manuel, _d1869-1935 _2 _9152855 |
| 700 | 1 |
_aO'Leary, Juan E. ( _d1879-1969) _986341 |
|
| 852 |
_aES-MaACL _j1821-F-20 |
||
| 999 |
_c57535 _d57535 |
||